Nástroje a aplikácie Business Intelligence v informačných systémoch súkromného a verejného sektora

Spoločné charakteristiky procesného pohľadu na podporu rozhodovania v informačných systémoch podnikov a organizácií verejnej správy. Business Intelligence v architektúre informačného systému podniku. Business Intelligence v architektúre informačného systému (IS) vo verejnej správe. Procesný pohľad n...

Descripción completa

Guardado en:
Detalles Bibliográficos
Autor principal: Kokles, Mojmír
Otros Autores: Romanová, Anita, 1973-, Grell, Michal
Formato: Capítulo de libro
Lenguaje:eslovaco
Materias:
Etiquetas: Agregar Etiqueta
Sin Etiquetas, Sea el primero en etiquetar este registro!

MARC

LEADER 00000naa$a2200000$$$4500
001 0079921
005 20240502071916.9
041 0 |a slo 
044 |a SK 
245 1 0 |a Nástroje a aplikácie Business Intelligence v informačných systémoch súkromného a verejného sektora  |c Mojmír Kokles, Anita Romanová, Michal Grell 
520 |a Spoločné charakteristiky procesného pohľadu na podporu rozhodovania v informačných systémoch podnikov a organizácií verejnej správy. Business Intelligence v architektúre informačného systému podniku. Business Intelligence v architektúre informačného systému (IS) vo verejnej správe. Procesný pohľad na IS. Aktuálne riešenia informačných systémov na podporu rozhodovania. 
610 2 0 |a technológie informačné 
610 2 0 |a systémy informačné 
610 2 0 |a systémy podporné rozhodovacie 
610 2 0 |a podnik 
610 2 0 |a správa verejná 
100 1 |a Kokles, Mojmír 
700 1 |a Romanová, Anita, 1973- 
700 1 |a Grell, Michal